02351nam a22002177a 450000500170000000800410001702000180005804000070007604100120008308200240009510000170011924500700013625000060020626000680021230000320028036500540031252017010036665000240206765000230209171000190211420240207101231.0240207b ||||| |||| 00| 0 eng d a9789355325341 cAL aEnglish 223a320.45402bLAXI aM Laxmikanth aIndian Polity: For Civil Services and State Services Examinations a7 a Chennai bMcGraw Hill Education (India) Private Limited c2024 axxxvi,804 p.bPBc24x18 cm. a7532b₹815.00c₹d₹1045.00e22%f03-02-2024 aMcGraw-Hill presents the seventh edition of the consistent best seller and the most celebrated title on the subject – Indian Polity by M Laxmikanth. The book is a must-read for the aspirants appearing for the Civil Services examinations as well as the other State Services examinations. It is conceived to cater to the requirements of not just the students appearing for competitive examinations but also postgraduates, research scholars, academicians and general readers who are interested in the country’s political, civil, and constitutional issues. The chapters have been thoroughly revised as per the recent developments. With this book, you get access to McGraw Hill Edge – a digital platform with high-quality learning resources that provides you the edge to excel at your exams. On the McGraw Hill Edge platform, you can access mock tests, videos, prelims and mains previous year question papers, all designed to enhance your preparation and give you the winning edge. Moreover, its mobile and web app interface makes learning convenient and accessible! Follow the instructions given in the book to get access. Key Features • 92 chapters covering the entire political and constitution spectrum of India • New Chapters include Law Commission, Bar Council, Delimitation Commission, World Constitutions, National Commission for Women, for Child rights, for the minorities etc. • 9 relevant appendices • Revised chapters as per the latest pattern and syllabus • Includes previous years’ questions of Preliminary and Main exam • One stop solution for Civil service aspirants, law students, students of Political Science and Public Administration  a Indian Government  a Political Science aLAXMIKANTH (M)